| 000 | 01050nam a2200229Ia 4500 | ||
|---|---|---|---|
| 003 | Ost | ||
| 005 | 20260507075015.0 | ||
| 008 | 260507s9999||||xx |||||||||||||| ||und|| | ||
| 020 | _aX372279977 | ||
| 040 | _cfsecg | ||
| 041 | _aara | ||
| 082 | _a658.045 | ||
| 100 |
_aسعودي، محمد توفيق _eمؤلف |
||
| 245 | 0 |
_aالمسؤولية المدنية والجنائية لأعضاء مجلس إدارة الشركة المساهمة عن أعمال الشركة / _c محمد توفيق سعودي |
|
| 260 |
_aالقاهرة: _bدار الأمين, _c2001 |
||
| 300 |
_a108 صفحة؛ _bإيضاحات ؛ _c24 سم |
||
| 520 | _aالتكوين القانوني لهيئات شركة المساهمة الخاصة ومركز إدارتها-مسؤولية مجلس الإدارة عن أعمال الشركة مدنيا وجنائيا-تحرير دعوى المسؤولية | ||
| 653 | _aالجرائم التجارية | ||
| 653 | _aالشركات المساهمة | ||
| 653 | _aالقانون الجنائي | ||
| 942 | _cكتاب | ||
| 999 |
_c42203 _d42203 |
||